Statistics for New York City Trivia #2

Click here to take the quiz!

General Stats

  • This quiz has been taken 6,355 times
  • The average score is 13 of 20

Answer Stats

Question Answer % Correct
What street is famous for its musical theaters?Broadway
94%
What is the largest park in Manhattan?Central Park
93%
What two commercial airports are located within the city?John F. Kennedy
92%
What New York buildings were the tallest in the world from 1931 to 1970?Empire State Building
92%
What was the original name of New York City?New Amsterdam
88%
What river flows through Albany and New York City?Hudson River
87%
What "island", actually a peninsula, is famous for its amusement park rides?{Coney} Island
83%
Which of the five boroughs has the lowest population?Staten Island
82%
What two commercial airports are located within the city?LaGuardia
75%
What does the A stand for in MOMA?Art
70%
What New York rapper was killed while visiting Los Angeles in 1997?The Notorious B.I.G.
62%
What Ivy League university is located in New York City?Columbia
62%
The Knicks are an NBA team that play in New York. What is Knicks short for?Knickerbockers
62%
What New York buildings were the tallest in the world from 1931 to 1970?Chrysler Building
61%
What is a bodega?a Convenience Store
53%
What Brooklyn neighborhood is often considered to be the center of "hipster" culture?{Williams}burg
42%
What type of music was the music club CBGB known for in the 1980s?Punk
41%
What ingredient is featured in Manhattan clam chowder, but shunned
in New England clam chowder?
Tomatoes
37%
What park, opened in 2009, was built on a former elevated railway track?{High} Line
32%
What political boss was synonymous with Tammany Hall corruption?Boss {Tweed}
29%

Score Distribution

Percentile by Number Answered

Percent of People with Each Score

Your Score History

You have not taken this quiz